[Event "Reykjavik Kvika op"]
[Site "Reykjavik"]
[Date "2022.04.12"]
[Round "9"]
[White "Jonsson, Olafur Gisli"]
[Black "Sundberg, William"]
[Result "1-0"]
[WhiteElo "1847"]
[BlackElo "1279"]
[PlyCount "103"]
[EventDate "2022.04.06"]
[EventType "swiss"]
[EventRounds "9"]
[EventCountry "ISL"]
[SourceTitle "CBM 207 Extra"]
[Source "ChessBase"]
[SourceDate "2022.05.31"]
[SourceVersion "1"]
[SourceVersionDate "2022.05.31"]
[SourceQuality "1"]

1. d4 d5 2. Nf3 Nf6 3. c4 c6 4. Nc3 g6 5. e3 Bg7 6. Bd3 Bg4 7. h3 Bxf3 8. Qxf3 0-0 9. 0-0 e6 10. b3 Qc7 11. Bb2 h5 12. Rac1 Nbd7 13. cxd5 Nxd5 14. Nxd5 exd5 15. Qxd5 Nf6 16. Qf3 Qa5 17. Bb1 Qd5 18. e4 Qe6 19. Rcd1 Rad8 20. Rfe1 Nh7 21. d5 cxd5 22. exd5 Qd6 23. Bxg7 Kxg7 24. Qe3 Nf6 25. Qxa7 Qa6 26. Qxa6 bxa6 27. d6 Rd7 28. Rd4 Rfd8 29. Red1 Ne8 30. Kf1 Rxd6 31. Rxd6 Rxd6 32. Rxd6 Nxd6 33. Bd3 a5 34. Ke2 Kf6 35. Bc4 Ke5 36. Kd3 f5 37. a3 Ne4 38. f3 Nc5+ 39. Kc3 Kf4 40. Bf7 Kg3 41. Bxg6 Kxg2 42. Bxf5 Kxf3 43. Kc4 Nb7 44. Bd7 Ke3 45. Kb5 Kd4 46. Be6 Ke5 47. Bg8 Kf4 48. Kb6 Nd6 49. Kxa5 Kg3 50. Be6 Nb7+ 51. Kb6 Nd6 52. a4 1-0